Anglo-Saxon Kingdoms of England - Statistics

General Stats
  • This quiz has been taken 25,683 times
  • The average score is 5 of 7
Answer Stats
Kingdom % Correct
Wessex
90%
Essex
74%
Sussex
72%
Northumbria
64%
Mercia
63%
East Anglia
48%
Kent
48%
No matching quizzes found
Score Distribution
Percent of People with Each Score
Percentile by Number Answered
Your Score History
You have not taken this quiz